[Event "Istanbul ol (Men) 34th"]
[Site "Istanbul"]
[Date "2000.11.10"]
[Round "13.2"]
[White "Almasi, Zoltan"]
[Black "Piket, Jeroen"]
[Result "1-0"]
[WhiteElo "2668"]
[BlackElo "2649"]
[PlyCount "83"]
[EventDate "2000.10.28"]
[EventType "team-swiss"]
[EventRounds "14"]
[EventCountry "TUR"]
[Source "ChessBase"]
[SourceDate "2000.11.22"]
[WhiteTeam "Hungary"]
[BlackTeam "Netherlands"]
[WhiteTeamCountry "HUN"]
[BlackTeamCountry "NED"]

1. e4 c5 2. Nf3 e6 3. d4 cxd4 4. Nxd4 Nc6 5. Nc3 Qc7 6. Be3 a6 7. Bd3 Nf6 8.
O-O Nxd4 9. Bxd4 Bc5 10. Bxc5 Qxc5 11. Kh1 b5 12. Qe1 Bb7 13. f3 d6 14. a4 b4
15. Na2 a5 16. c3 bxc3 17. Bb5+ Ke7 18. Nxc3 Rhc8 19. Rd1 Kf8 20. Rd3 d5 21. e5
Ng8 22. Ne2 Ne7 23. Nd4 Bc6 24. g4 Bxb5 25. axb5 a4 26. Qf2 a3 27. bxa3 Ke8 28.
Qe3 Ra4 29. Rb1 Rb8 30. f4 h5 31. gxh5 Rc4 32. Rg1 Kd7 33. Rxg7 Rh8 34. f5 Rxh5
35. Rxf7 exf5 36. e6+ Kc8 37. Kg2 Rh4 38. Nf3 Rc2+ 39. Kg3 Rg4+ 40. Kh3 d4 41.
Rxd4 Nd5 42. e7 1-0

[Event "Sigeman & Co 11th"]
[Site "Malmo"]
[Date "2003.05.02"]
[Round "4"]
[White "Hector, Jonny"]
[Black "Hansen, Curt"]
[Result "1-0"]
[WhiteElo "2553"]
[BlackElo "2610"]
[PlyCount "97"]
[EventDate "2003.04.29"]
[EventType "tourn"]
[EventRounds "9"]
[EventCountry "SWE"]
[EventCategory "13"]
[Source "ChessBase"]
[SourceDate "2003.07.25"]

1. e4 c5 2. Nf3 Nc6 3. d4 cxd4 4. Nxd4 e6 5. Nc3 a6 6. Be3 Nf6 7. g4 Bb4 8. Bg2
d5 9. g5 Nxe4 10. Nxc6 bxc6 11. Bxe4 Bxc3+ 12. bxc3 dxe4 13. Qxd8+ Kxd8 14.
O-O-O+ Kc7 15. Bf4+ Kb7 16. Be5 f6 17. gxf6 gxf6 18. Bxf6 Rf8 19. Be5 Rf5 20.
Bg3 Ra5 21. Rd4 e5 22. Rb4+ Ka7 23. Rd1 Bf5 24. Rd6 Rc8 25. Rf6 Bg6 26. Re6 Rb8
27. Bxe5 Rxb4 28. cxb4 Rxa2 29. Rxc6 Kb7 30. Rc5 Ra3 31. Bc3 Bf7 32. h4 Kb6 33.
Kd2 Ra2 34. h5 Kb7 35. Bd4 Ra3 36. c3 Ra1 37. Rf5 Bc4 38. Rg5 Rh1 39. Rg7+ Kc6
40. Rxh7 Rh3 41. h6 Rd3+ 42. Ke1 Rh3 43. Rh8 Kb7 44. Be3 Bd3 45. Kd2 Bb5 46.
Rh7+ Kc6 47. Re7 Kd5 48. h7 Bd3 49. Bd4 1-0

[Event "EU-Cup 18th"]
[Site "Kallithea"]
[Date "2002.09.25"]
[Round "4.2"]
[White "Svidler, Peter"]
[Black "Tiviakov, Sergei"]
[Result "1-0"]
[WhiteElo "2690"]
[BlackElo "2628"]
[PlyCount "57"]
[EventDate "2002.09.22"]
[EventType "team-swiss"]
[EventRounds "7"]
[EventCountry "GRE"]
[Source "ChessBase"]
[SourceDate "2003.02.06"]
[WhiteTeam "Paris NAO"]
[BlackTeam "Skopje Alkaloid"]
[WhiteTeamCountry "FRA"]
[BlackTeamCountry "MKD"]

1. e4 c5 2. Nf3 Nc6 3. d4 cxd4 4. Nxd4 g6 5. c4 Nf6 6. Nc3 d6 7. Nc2 Bg7 8. Be2
Nd7 9. O-O Nc5 10. Bd2 O-O 11. b4 Bxc3 12. Bxc3 Nxe4 13. Bb2 Be6 14. b5 Ne5 15.
Qd4 Nf6 16. f4 Ned7 17. g4 Qb6 18. f5 Bxc4 19. Bxc4 Nxg4 20. Bd5 Rac8 21. Ne3
Nge5 22. Qxb6 Nxb6 23. Bxb7 Rb8 24. Ba6 Nd3 25. Bd4 Nb4 26. Rfc1 Nxa6 27. bxa6
e5 28. fxe6 fxe6 29. Rab1 1-0

[Event "Moscow Aeroflot op-A"]
[Site "Moscow"]
[Date "2004.02.24"]
[Round "8"]
[White "Aronian, Levon"]
[Black "Vorobiov, Evgeny E"]
[Result "1-0"]
[WhiteElo "2648"]
[BlackElo "2544"]
[PlyCount "64"]
[EventDate "2004.02.17"]
[EventType "swiss"]
[EventRounds "9"]
[EventCountry "RUS"]
[Source "ChessBase"]
[SourceDate "2004.06.01"]

1. c4 c5 2. Nf3 g6 3. d4 cxd4 4. Nxd4 Nc6 5. Nc2 Bg7 6. e4 Nf6 7. Nc3 O-O 8.
Be2 d6 9. O-O Nd7 10. Bd2 Nc5 11. b4 Ne6 12. Rc1 Ned4 13. Nxd4 Nxd4 14. Be3
Nxe2+ 15. Qxe2 b6 16. Rfd1 Bb7 17. Bd4 Bxd4 18. Rxd4 Qc7 19. h4 Rac8 20. h5 a6
21. Nd5 Bxd5 22. exd5 Rfe8 23. Re4 Qd7 24. Re1 b5 25. cxb5 axb5 26. h6 Kf8 27.
Qb2 f6 28. Rxe7 Qxe7 29. Rxe7 Kxe7 30. Qe2+ Kf7 31. Qxb5 Rc1+ 32. Kh2 Rc2 1-0

[Event "RUS-chT"]
[Site "Togliatti"]
[Date "2003.05.25"]
[Round "10"]
[White "Bologan, Viktor"]
[Black "Motylev, Alexander"]
[Result "1-0"]
[WhiteElo "2663"]
[BlackElo "2634"]
[PlyCount "81"]
[EventDate "2003.05.16"]
[EventType "team"]
[EventRounds "10"]
[EventCountry "RUS"]
[Source "ChessBase"]
[SourceDate "2003.07.09"]

1. e4 c5 2. Nf3 g6 3. d4 cxd4 4. Nxd4 Nc6 5. c4 Nf6 6. Nc3 d6 7. Nc2 Bg7 8. Be2
O-O 9. O-O Nd7 10. Bd2 a5 11. Na3 Nc5 12. Nab5 Nd4 13. Nxd4 Bxd4 14. Bh6 Bg7
15. Bxg7 Kxg7 16. Bg4 Bxg4 17. Qxg4 a4 18. Qe2 Qa5 19. Rac1 Nd7 20. Nd5 Nf6 21.
Rfd1 Nxd5 22. Rxd5 Qa6 23. h4 Rfc8 24. h5 e6 25. Rd4 Rc5 26. Qd2 Rxh5 27. Rxd6
Qa5 28. Qxa5 Rhxa5 29. Rd7 R5a7 30. c5 b5 31. Rd6 Rb8 32. f4 Kf6 33. Kf2 g5 34.
g3 Rc7 35. Ke3 gxf4+ 36. gxf4 Rg8 37. Rc2 Rg1 38. e5+ Kf5 39. c6 Rg3+ 40. Kd4
Rf3 41. Rd7 1-0

[Event "North Sea Cup 15th"]
[Site "Esbjerg"]
[Date "2000.07.14"]
[Round "8"]
[White "Gulko, Boris F"]
[Black "Nielsen, Peter Heine"]
[Result "1/2-1/2"]
[WhiteElo "2643"]
[BlackElo "2578"]
[PlyCount "57"]
[EventDate "2000.07.07"]
[EventType "tourn"]
[EventRounds "9"]
[EventCountry "DEN"]
[EventCategory "14"]
[Source "ChessBase"]
[SourceDate "2000.10.18"]

1. c4 c5 2. Nf3 g6 3. d4 cxd4 4. Nxd4 Bg7 5. e4 Nc6 6. Be3 Nf6 7. Nc3 O-O 8.
Be2 d6 9. O-O Bd7 10. Nc2 a6 11. f3 Rc8 12. Qd2 Re8 13. Rac1 Qa5 14. Na3 Be6
15. Nab1 Ne5 16. b3 Rb8 17. a3 Rec8 18. b4 Qd8 19. Nd5 b6 20. Rfd1 a5 21. h3
axb4 22. axb4 Bd7 23. Na3 Bc6 24. Bf1 Ned7 25. Nc2 Ba4 26. Re1 Nxd5 27. exd5
Bxc2 28. Rxc2 Ra8 29. Bg5 1/2-1/2

[Event "SUI-ch int"]
[Site "Switzerland"]
[Date "1992.??.??"]
[Round "8"]
[White "Renet, Olivier"]
[Black "Summermatter, Daniel"]
[Result "1-0"]
[WhiteElo "2530"]
[BlackElo "2350"]
[PlyCount "51"]
[EventDate "1992.??.??"]
[EventType "tourn"]
[EventRounds "11"]
[EventCountry "SUI"]
[EventCategory "8"]
[Source "ChessBase"]
[SourceDate "1992.12.01"]

1. e4 c5 2. Nf3 e6 3. d4 cxd4 4. Nxd4 Nf6 5. Nc3 d6 6. g4 a6 7. g5 Nfd7 8. Be3
b5 9. a3 Bb7 10. h4 Nc6 11. h5 Nxd4 12. Qxd4 Ne5 13. O-O-O Nc6 14. Qd2 Rc8 15.
Rh3 b4 16. axb4 Nxb4 17. Kb1 Qa5 18. f3 Be7 19. g6 O-O 20. Rg3 Bf6 21. Bd4 e5
22. Be3 d5 23. gxh7+ Kxh7 24. Bg5 d4 25. Bxf6 gxf6 26. Bh3 1-0

[Event "Interpolis"]
[Site "Tilburg"]
[Date "1980.09.29"]
[Round "9"]
[White "Karpov, Anatoly"]
[Black "Spassky, Boris V"]
[Result "1-0"]
[WhiteElo "2725"]
[BlackElo "2615"]
[PlyCount "69"]
[EventDate "1980.09.19"]
[EventType "tourn"]
[EventRounds "11"]
[EventCountry "NED"]
[EventCategory "15"]
[Source "ChessBase"]
[SourceDate "1999.07.01"]

1. e4 c5 2. Nf3 e6 3. d4 cxd4 4. Nxd4 Nf6 5. Nc3 d6 6. g4 h6 7. h4 Nc6 8. Rg1
d5 9. Bb5 Bd7 10. exd5 Nxd5 11. Nxd5 exd5 12. Be3 Be7 13. Qd2 Bxh4 14. O-O-O
Bf6 15. Nf5 Bxf5 16. gxf5 a6 17. Bxc6+ bxc6 18. Bc5 Rb8 19. b4 Rb5 20. Rge1+
Kd7 21. c4 Rxc5 22. bxc5 Bg5 23. f4 Qf6 24. cxd5 Qa1+ 25. Kc2 Qxa2+ 26. Kd3
Qxd2+ 27. Rxd2 Bxf4 28. Ra2 cxd5 29. Rxa6 h5 30. Kd4 h4 31. Kxd5 Rb8 32. f6
gxf6 33. Rxf6 Bg3 34. Rxf7+ Kd8 35. Rf8+ 1-0

[Event "ESP-chT"]
[Site "Spain"]
[Date "1993.??.??"]
[Round "?"]
[White "Morovic Fernandez, Ivan"]
[Black "Veingold, Aleksandr"]
[Result "1-0"]
[WhiteElo "2575"]
[BlackElo "2465"]
[PlyCount "57"]
[EventDate "1993.??.??"]
[EventType "team"]
[EventRounds "9"]
[EventCountry "ESP"]
[Source "ChessBase"]
[SourceDate "1994.03.01"]

1. e4 c5 2. Nf3 e6 3. d4 cxd4 4. Nxd4 Nf6 5. Nc3 d6 6. g4 h6 7. h4 Nc6 8. Rg1
h5 9. gxh5 Rxh5 10. Bg5 Rh8 11. Rg3 a6 12. Nxc6 bxc6 13. Qf3 Rb8 14. O-O-O Qb6
15. b3 Nh5 16. Rg1 d5 17. Kb1 Bb4 18. Bh3 Qa5 19. Ne2 Bd7 20. c4 dxe4 21. Qxe4
Qc7 22. Nf4 Nf6 23. Qe2 Bd6 24. Bxe6 Bxe6 25. Nxe6 fxe6 26. Qxe6+ Be7 27. Bxf6
gxf6 28. Rg8+ Rxg8 29. Qxg8+ 1-0

[Event "RUS-ch qual 57th"]
[Site "Tomsk"]
[Date "2004.05.27"]
[Round "5"]
[White "Motylev, Alexander"]
[Black "Shariyazdanov, Andrey"]
[Result "1-0"]
[WhiteElo "2649"]
[BlackElo "2575"]
[PlyCount "127"]
[EventDate "2004.05.23"]
[EventType "swiss"]
[EventRounds "9"]
[EventCountry "RUS"]
[Source "ChessBase"]
[SourceDate "2004.09.23"]

1. e4 c5 2. Nf3 Nc6 3. d4 cxd4 4. Nxd4 e5 5. Nb5 d6 6. N1c3 a6 7. Na3 b5 8. Nd5
Nge7 9. c4 Nxd5 10. exd5 Nd4 11. cxb5 Bd7 12. Be3 axb5 13. Bxd4 exd4 14. Bd3
Qa5+ 15. Kf1 Be7 16. Qe2 Rb8 17. Nc2 Kf8 18. Nxd4 Qb6 19. Nc6 Bxc6 20. dxc6
Qxc6 21. h4 h5 22. Re1 Bf6 23. Rh3 Rh6 24. Re3 Be5 25. Re4 g6 26. Rb4 Kg7 27.
Rxb5 Rhh8 28. b3 Rxb5 29. Bxb5 Qc5 30. Bc4 Qa3 31. g3 Ra8 32. Qf3 Ra7 33. Re2
Bb2 34. Qe3 Bf6 35. Qd2 Ra5 36. Kg2 Qc5 37. Kg1 Qb6 38. Re3 Ra3 39. Rf3 Ra7 40.
a4 Qc5 41. Rd3 Be5 42. Rd5 Qa3 43. Kg2 Qa1 44. Qd1 Qa2 45. Rxd6 Qa1 46. Qxa1
Bxa1 47. Rd3 Bb2 48. Kf3 Ba3 49. Ke4 Bc5 50. f4 Bb4 51. Rd5 Be1 52. Kf3 Bc3 53.
f5 Bb4 54. Bd3 Rc7 55. Rb5 Bc5 56. b4 Be7 57. fxg6 fxg6 58. Rb6 Rc3 59. Ke2 Rb3
60. Rxg6+ Kf7 61. Ra6 Rb2+ 62. Kf1 Bxb4 63. Bg6+ Ke7 64. Rb6 1-0

[Event "Zadar op"]
[Site "Zadar"]
[Date "2003.12.16"]
[Round "2"]
[White "Delchev, Aleksander"]
[Black "Brumen, Dinko"]
[Result "1-0"]
[WhiteElo "2603"]
[BlackElo "2405"]
[PlyCount "83"]
[EventDate "2003.12.15"]
[EventType "swiss"]
[EventRounds "9"]
[EventCountry "CRO"]
[Source "ChessBase"]
[SourceDate "2004.01.13"]

1. e4 c5 2. Nf3 Nc6 3. d4 cxd4 4. Nxd4 e5 5. Nb5 d6 6. N1c3 a6 7. Na3 b5 8. Nd5
Nce7 9. c4 Nxd5 10. exd5 bxc4 11. Nxc4 Nf6 12. Be3 Rb8 13. Be2 Be7 14. O-O O-O
15. a4 Bb7 16. Nb6 Nd7 17. a5 f5 18. f3 Qe8 19. Qd2 Bd8 20. Nxd7 Qxd7 21. b4 f4
22. Bf2 Qf7 23. Rfd1 Bg5 24. Bd3 Qh5 25. b5 Bxd5 26. Bxh7+ Kxh7 27. Qc2+ Kh8
28. Rxd5 axb5 29. Rxd6 Be7 30. Rb6 b4 31. Rxb8 Rxb8 32. a6 Bh4 33. Bb6 Bd8 34.
Bxd8 Rxd8 35. a7 Qe8 36. Qe4 Ra8 37. Qxb4 Qd7 38. Qb8+ Kh7 39. Qb6 Qd5 40. h3
e4 41. Ra5 Qf7 42. Qb8 1-0

[Event "Bucharest ENE"]
[Site "Bucharest"]
[Date "1993.??.??"]
[Round "7"]
[White "Timoshenko, Georgy"]
[Black "Chernov, Vadim"]
[Result "1-0"]
[WhiteElo "2505"]
[BlackElo "2400"]
[PlyCount "47"]
[EventDate "1993.??.??"]
[EventType "tourn"]
[EventRounds "11"]
[EventCountry "ROU"]
[EventCategory "8"]
[Source "ChessBase"]
[SourceDate "1994.06.01"]

1. e4 c5 2. Nf3 Nc6 3. d4 cxd4 4. Nxd4 Nf6 5. Nc3 e6 6. Ndb5 Bb4 7. a3 Bxc3+ 8.
Nxc3 d5 9. exd5 exd5 10. Bd3 O-O 11. O-O h6 12. Bf4 d4 13. Nb5 Nd5 14. Qf3 Be6
15. Rfe1 Qd7 16. Be5 Nxe5 17. Rxe5 Ne7 18. Qe4 Rfd8 19. Qh7+ Kf8 20. Qh8+ Ng8
21. Rae1 Bd5 22. Rxd5 Qxd5 23. Nc7 Qd7 24. Bh7 1-0

[Event "Biel MTO op"]
[Site "Biel"]
[Date "2003.07.27"]
[Round "6"]
[White "Karjakin, Sergey"]
[Black "Raetsky, Alexander"]
[Result "1-0"]
[WhiteElo "2560"]
[BlackElo "2438"]
[PlyCount "77"]
[EventDate "2003.07.19"]
[EventType "swiss"]
[EventRounds "11"]
[EventCountry "SUI"]
[Source "ChessBase"]
[SourceDate "2003.09.04"]

1. e4 c5 2. Nf3 Nc6 3. d4 cxd4 4. Nxd4 Nf6 5. Nc3 e6 6. Ndb5 Bb4 7. a3 Bxc3+ 8.
Nxc3 d5 9. exd5 exd5 10. Bd3 O-O 11. O-O d4 12. Ne2 Bg4 13. f3 Bh5 14. b4 Qb6
15. Nf4 Bg6 16. Nxg6 hxg6 17. f4 Nd5 18. Qf3 Ne3 19. Rf2 Rfe8 20. Bd2 Re7 21.
h4 Rae8 22. h5 g5 23. h6 g4 24. Qg3 g6 25. b5 Nb8 26. f5 Nd7 27. Bb4 Re5 28.
fxg6 fxg6 29. Qf4 Qe6 30. Qxd4 Kh7 31. Bd6 g3 32. Re2 Nf5 33. Bxf5 Qxf5 34.
Bxe5 Nxe5 35. Rae1 Qh5 36. Rxe5 Qh2+ 37. Kf1 Rf8+ 38. Ke2 Qxg2+ 39. Kd1 1-0

[Event "Mester Aktiv Alliancen"]
[Site "Denmark"]
[Date "1998.??.??"]
[Round "2"]
[White "Hansen, Morten Moller"]
[Black "Kristensen, Leif"]
[Result "1-0"]
[WhiteElo "2075"]
[BlackElo "2375"]
[PlyCount "77"]
[EventDate "1998.??.??"]
[EventType "swiss (rapid)"]
[EventRounds "7"]
[EventCountry "DEN"]
[Source "ChessBase"]
[SourceDate "1998.11.10"]

1. Nf3 d5 2. g3 c5 3. d3 Nc6 4. Nbd2 e5 5. e4 d4 6. Bg2 Bd6 7. Nh4 Nge7 8. Nc4
O-O 9. f4 Bc7 10. f5 b5 11. Nd2 Ba5 12. O-O Bxd2 13. Bxd2 f6 14. g4 h6 15. a4
Ba6 16. Nf3 c4 17. axb5 Bxb5 18. Ne1 Kf7 19. Bf3 Rh8 20. Be2 Qb6 21. Kg2 cxd3
22. Bxd3 Bxd3 23. Nxd3 a5 24. Ra4 Nc8 25. Qa1 Rd8 26. Qa2+ Kf8 27. Qa3+ Nd6 28.
Kf3 Kg8 29. Ra1 Rac8 30. Qb3+ Qxb3 31. cxb3 Nb4 32. Bxb4 axb4 33. Nxb4 Rd7 34.
Ra8 Rdc7 35. Nd5 Rf7 36. Rxc8+ Nxc8 37. Ra8 Rf8 38. Rxc8 Rxc8 39. Ne7+ 1-0

[Event "HUN-chT"]
[Site "Hungary"]
[Date "1991.??.??"]
[Round "?"]
[White "Varga, Zoltan"]
[Black "Horvath, Sandor"]
[Result "1-0"]
[WhiteElo "2370"]
[BlackElo "2300"]
[PlyCount "51"]
[EventDate "1991.??.??"]
[EventType "team"]
[EventRounds "9"]
[EventCountry "HUN"]
[Source "ChessBase"]
[SourceDate "1994.03.01"]

1. e4 c5 2. Nf3 e6 3. d4 cxd4 4. Nxd4 Nf6 5. Nc3 Bb4 6. e5 Nd5 7. Bd2 Nxc3 8.
bxc3 Be7 9. Qg4 Kf8 10. Bd3 d6 11. f4 Nd7 12. O-O Nc5 13. Rae1 Nxd3 14. cxd3 h5
15. Qf3 g6 16. Rb1 d5 17. Be3 b6 18. c4 Bb7 19. f5 gxf5 20. Nxf5 exf5 21. Qxf5
Qe8 22. Qg6 dxc4 23. e6 f6 24. Rxf6+ Bxf6 25. Qxf6+ Kg8 26. Bd4 1-0

[Event "Bundesliga 0203"]
[Site "Germany"]
[Date "2003.03.30"]
[Round "15.5"]
[White "Borriss, Martin"]
[Black "Bartsch, Berthold"]
[Result "1-0"]
[WhiteElo "2442"]
[BlackElo "2320"]
[PlyCount "51"]
[EventDate "2002.10.19"]
[EventType "team-tourn"]
[EventRounds "15"]
[EventCountry "GER"]
[Source "ChessBase"]
[SourceDate "2003.07.25"]
[WhiteTeam "Neukoelln"]
[BlackTeam "Forchheim"]
[WhiteTeamCountry "GER"]
[BlackTeamCountry "GER"]

1. e4 c5 2. Nf3 Nf6 3. Nc3 d5 4. exd5 Nxd5 5. Bb5+ Bd7 6. Ne5 Bxb5 7. Qf3 f6 8.
Nxb5 Na6 9. Qh5+ g6 10. Nxg6 hxg6 11. Qxh8 Qd7 12. Nc3 Qe6+ 13. Kf1 Ndb4 14.
Qh4 O-O-O 15. Qe4 Qd7 16. a3 f5 17. Qc4 Nxc2 18. Rb1 Kb8 19. d3 e5 20. Bg5
Qxd3+ 21. Qxd3 Rxd3 22. h4 Nxa3 23. bxa3 Rxc3 24. h5 gxh5 25. Rxh5 Bd6 26. Rd1
1-0

[Event "World ol U16"]
[Site "Kuala Lumpur"]
[Date "2002.08.21"]
[Round "3"]
[White "Ismagambetov, Anuar"]
[Black "Palit, Somak"]
[Result "1-0"]
[WhiteElo "2185"]
[BlackElo "2310"]
[PlyCount "57"]
[EventDate "2002.08.20"]
[EventType "team"]
[EventRounds "10"]
[EventCountry "MAS"]
[Source "ChessBase"]
[SourceDate "2002.09.10"]

1. e4 c5 2. Nf3 Nf6 3. Nc3 Nc6 4. d4 d5 5. exd5 Nxd5 6. dxc5 Nxc3 7. Qxd8+ Nxd8
8. bxc3 f6 9. Be3 e5 10. Nd2 Be6 11. Bb5+ Bd7 12. Bxd7+ Kxd7 13. O-O Ne6 14.
Rfd1 Kc6 15. Nb3 Be7 16. Na5+ Kc7 17. Nxb7 Rhb8 18. Rab1 Bf8 19. c6 Kxc6 20.
Na5+ Kc7 21. Kf1 Bc5 22. Ke2 Rb6 23. Bxc5 Nxc5 24. Rb4 Ra6 25. Rb5 Na4 26. Rb7+
Kc8 27. Rdd7 Nxc3+ 28. Kf1 Nb5 29. Rxg7 1-0

[Event "EU-chT (Men) 14th"]
[Site "Plovdiv"]
[Date "2003.10.20"]
[Round "9.1"]
[White "Thorhallsson, Throstur"]
[Black "Balinov, Ilija"]
[Result "1-0"]
[WhiteElo "2444"]
[BlackElo "2411"]
[PlyCount "51"]
[EventDate "2003.10.10"]
[EventType "team-swiss"]
[EventRounds "9"]
[EventCountry "BUL"]
[Source "ChessBase"]
[SourceDate "2004.02.03"]
[WhiteTeam "Iceland"]
[BlackTeam "Austria"]
[WhiteTeamCountry "ISL"]
[BlackTeamCountry "AUT"]

1. e4 c5 2. Nf3 b6 3. d4 cxd4 4. Nxd4 Bb7 5. Nc3 a6 6. Be3 e6 7. Qd2 Bb4 8. f3
Nf6 9. a3 Bxc3 10. Qxc3 d5 11. e5 Nfd7 12. O-O-O Nc5 13. f4 Qd7 14. Nf3 O-O 15.
Bd3 Rc8 16. Kb1 a5 17. Rhe1 Ba6 18. Bxc5 bxc5 19. Bxh7+ Kxh7 20. Ng5+ Kg8 21.
Qh3 Qd8 22. Qh5 Ra7 23. f5 exf5 24. e6 g6 25. Qh7+ Kf8 26. e7+ 1-0

[Event "Sarajevo Bosnia 32nd"]
[Site "Sarajevo"]
[Date "2002.05.23"]
[Round "2"]
[White "Shirov, Alexei"]
[Black "Kurajica, Bojan"]
[Result "1-0"]
[WhiteElo "2704"]
[BlackElo "2555"]
[PlyCount "67"]
[EventDate "2002.05.22"]
[EventType "tourn"]
[EventRounds "9"]
[EventCountry "BIH"]
[EventCategory "16"]
[Source "ChessBase"]
[SourceDate "2002.09.20"]

1. e4 c5 2. Nf3 a6 3. c3 g6 4. d4 cxd4 5. cxd4 d5 6. exd5 Nf6 7. Nc3 Nxd5 8.
Bc4 Nxc3 9. bxc3 Bg7 10. h4 Qc7 11. Qb3 e6 12. Bd3 Nc6 13. h5 Bd7 14. Ng5 Rc8
15. Ne4 O-O 16. hxg6 hxg6 17. Bg5 f5 18. Nc5 Na5 19. Qb4 Rf7 20. Rb1 Bf8 21.
Kf1 Bc6 22. Kg1 e5 23. dxe5 Qxe5 24. Be3 Qd5 25. Bf1 Qxa2 26. Qh4 Rg7 27. Rd1
Bd5 28. Rd2 Qxd2 29. Bxd2 Rxc5 30. Qd8 Rf7 31. Be3 Nc6 32. Qh4 Rg7 33. Bxc5
Bxc5 34. Bc4 1-0

[Event "Sarajevo Bosnia 32nd"]
[Site "Sarajevo"]
[Date "2002.05.23"]
[Round "2"]
[White "Movsesian, Sergei"]
[Black "Kozul, Zdenko"]
[Result "1-0"]
[WhiteElo "2624"]
[BlackElo "2595"]
[PlyCount "77"]
[EventDate "2002.05.22"]
[EventType "tourn"]
[EventRounds "9"]
[EventCountry "BIH"]
[EventCategory "16"]
[Source "ChessBase"]
[SourceDate "2002.09.20"]

1. e4 c5 2. Nf3 Nc6 3. d4 cxd4 4. Nxd4 Qb6 5. Nb3 Nf6 6. Nc3 e6 7. Qe2 d6 8. g4
a6 9. Bd2 Qc7 10. O-O-O Nd7 11. f4 b5 12. g5 Nc5 13. Nxc5 dxc5 14. Be3 Nd4 15.
Qf2 Bb7 16. Bg2 O-O-O 17. e5 Be7 18. Bxb7+ Kxb7 19. Bxd4 cxd4 20. Rxd4 Rxd4 21.
Qxd4 Bc5 22. Qd3 Rd8 23. Qf3+ Qc6 24. Rf1 Rd4 25. Ne2 Re4 26. Ng3 Ra4 27. Kb1
Qxf3 28. Rxf3 Bg1 29. c3 Rc4 30. Kc2 Rc7 31. Ne2 Bb6 32. Rh3 Kc6 33. Rxh7 g6
34. Kd3 Kd5 35. h4 a5 36. Ng3 b4 37. Ne4 bxc3 38. bxc3 Rc4 39. Nf6+ 1-0

[Event "Bundesliga 0304"]
[Site "Germany"]
[Date "2004.03.28"]
[Round "13.4"]
[White "Senff, Martin"]
[Black "Schlosser, Philipp"]
[Result "1-0"]
[WhiteElo "2446"]
[BlackElo "2560"]
[PlyCount "45"]
[EventDate "2003.11.01"]
[EventType "team-tourn"]
[EventRounds "15"]
[EventCountry "GER"]
[Source "ChessBase"]
[SourceDate "2004.06.01"]
[WhiteTeam "Katernberg"]
[BlackTeam "Baden Oos"]
[WhiteTeamCountry "GER"]
[BlackTeamCountry "GER"]

1. e4 c5 2. Ne2 e6 3. d4 cxd4 4. Nxd4 a6 5. Nc3 d6 6. g4 Nc6 7. Be3 Nge7 8. Nb3
b5 9. Qd2 Bd7 10. O-O-O Nc8 11. f4 Be7 12. g5 O-O 13. e5 Be8 14. Ne4 dxe5 15.
Qg2 Qc7 16. Nf6+ Kh8 17. Bd3 Bxf6 18. gxf6 g6 19. Qg5 exf4 20. Bxf4 e5 21. h4
exf4 22. Qh6 Rg8 23. h5 1-0